000 00442nam a22001577a 4500
999 _c41277
_d41277
003 OSt
005 20210412145321.0
008 210412b ||||| |||| 00| 0 eng d
040 _coclc
082 _a297
_bABD/Q
100 _91863
_aAbdurahman, O
245 _aQur'an Sandesa Saaram/
_cO Abdurahiman
260 _aCalicut:
_bDialogue Centre Kerala
300 _a151 pages
942 _2ddc
_cBK
_h297
_iABD/Q
_k297
_mABD/Q